000 00666nam a2200205 4500
001 127593
003 ES-MaACL
005 20250831124830.0
007 t|
008 070214s1945 ag r ||||1| spa d
100 1 _aRiu, Agustín.
_997498
245 1 0 _aElectricidad aplicada a la radio-electrónica /
_cpor Agustín Riu.
250 _a1ª ed.
260 _aBuenos Aires :
_b[s. n.],
_c1945 (
_fTall. Gráf. Fanetti y Gasperini)
300 _a462 p. :
_bil. ;
_c20 cm.
490 1 _aCurso básico de Radio-electricidad ;
_v1
830 0 0 _aCurso básico de radio-electricidad
_v1
_9219209
852 _aES-MaACL
_jC-4418
_bR.24244
999 _c127593
_d127593